Catálogo de la biblioteca y archivo del Instituto Valenciano de Economía / (Record no. 21836)

MARC details
000 -LEADER
campo de control de longitud fija 00742nam a2200205 i 4500
001 - NÚMERO DE CONTROL
campo de control 21836
003 - IDENTIFICADOR DE NÚMERO DE CONTROL
campo de control ES-MaACL
007 - CAMPO FIJO DE DESCRIPCIÓN FÍSICA--INFORMACIÓN GENERAL
campo de control de longitud fija t|
008 - DATOS DE LONGITUD FIJA--INFORMACIÓN GENERAL
campo de control de longitud fija 021128s1983 sp ||||1| spa d
100 1# - ENTRADA PRINCIPAL--NOMBRE DE PERSONA
Nombre de persona Aleixandre Tena, Francisca.
9 (RLIN) 19694
245 10 - MENCIÓN DEL TÍTULO
Título Catálogo de la biblioteca y archivo del Instituto Valenciano de Economía /
Mención de responsabilidad, etc. Francisca Aleixandre Tena ; con la colaboración de Rafael Diego Díez.
260 ## - PUBLICACIÓN, DISTRIBUCIÓN, ETC.
Lugar de publicación, distribución, etc. Valencia :
Nombre del editor, distribuidor, etc. Institución Alfonso el Magnánimo,
Fecha de publicación, distribución, etc. 1983.
300 ## - DESCRIPCIÓN FÍSICA
Extensión X, 650 p. ;
Dimensiones 24 cm.
490 1# - MENCIÓN DE SERIE
Mención de serie Arxius i documents
700 1# - ENTRADA AGREGADA--NOMBRE PERSONAL
Nombre de persona Díez, Rafael Diego.
9 (RLIN) 44669
710 2# - ENTRADA AGREGADA--NOMBRE DE ENTIDAD CORPORATIVA
Nombre de entidad corporativa o nombre de jurisdicción como elemento de entrada Instituto Valenciano de Economía.
9 (RLIN) 5250
830 0# - PUNTO DE ACCESO ADICIONAL DE SERIE-TÍTULO UNIFORME
Título uniforme Arxius i documents
9 (RLIN) 180777
852 ## - LOCALIZACIÓN
Ubicación ES-MaACL
Número de control de estantería L-5123
Sublocalización o colección R.105535
Holdings
Estatus retirado Estado de pérdida Estado de daño No para préstamo Biblioteca de origen Biblioteca actual Ubicación en estantería Fecha de adquisición Fuente de adquisición Total de préstamos Signatura topográfica completa Código de barras Visto por última vez Precio de reemplazo Tipo de ítem Koha
        Biblioteca del Ateneo de Madrid Biblioteca del Ateneo de Madrid Depósito 2 17/01/2008     L-5123 1022443 23/02/2023 23/02/2023 Libro impreso